A,B,C,D,E of wieght loss/ (Record no. 162591)

MARC details
000 -LEADER
fixed length control field 00581nam a2200181 4500
005 - DATE AND TIME OF LATEST TRANSACTION
control field 20190316145714.0
010 ## - LCCN (DPL NO)
LC control number ENG-124892
020 ## - INTERNATIONAL STANDARD BOOK NUMBER
International Standard Book Number 978938353112691
Terms of availability 399.00
035 ## - SYSTEM CONTROL NUMBER
System control number EN-108424
037 ## - SOURCE OF ACQUISITION
Source of stock number/acquisition DBAD/PUB
082 ## - DEWEY DECIMAL CLASSIFICATION NUMBER
Classification number 230.1
100 ## - MAIN ENTRY--PERSONAL NAME
Personal name Mathew, Thomas
245 ## - TITLE STATEMENT
Title A,B,C,D,E of wieght loss/
Statement of responsibility, etc by Thomas Mathew
260 ## - PUBLICATION, DISTRIBUTION, ETC. (IMPRINT)
Place of publication, distribution, etc Bangaluru
Name of publisher, distributor, etc Thomas Methew
Date of publication, distribution, etc 2018
270 ## - ADDRESS
Address 32,5th Cross,8th Main Koramangala 3rd J Block
City Bangaluru
Postal code 560034
Telephone number 9880247582
Electronic mail address chakkuthom@hotmail.com
300 ## - PHYSICAL DESCRIPTION
Extent 112p.
Dimensions 23cm(pbk)
Other physical details ill.
942 ## - ADDED ENTRY ELEMENTS (KOHA)
Source of classification or shelving scheme Dewey Decimal Classification
Item type English Books
Classification part 613.25
Call number suffix MAT
Holdings
Withdrawn status Lost status Not for loan Collection code Home library Current library Date acquired Source of acquisition Cost, normal purchase price Full call number Barcode Copy number Cost, replacement price Koha item type
      Non-fiction Patel Nagar Patel Nagar 16/03/2019 DBAD/PUB 399.00 613.25 MAT EN-108424 1 399.00 English Books

© Delhi Public Library
Hit Counter
free hit counter